| 000 | 01594nam a22002177a 4500 | ||
|---|---|---|---|
| 999 |
_c62530 _d62530 |
||
| 005 | 20241129113510.0 | ||
| 008 | 241129s2022 ru ||||| |||| 00| 0 rus d | ||
| 020 | _a 9785911036164 X | ||
| 041 | _arus | ||
| 080 | _a504 М-79 | ||
| 100 |
_a Мортон, Тимоти. _923830 |
||
| 245 |
_aСтать экологичным / _cТимоти Мортон ; пер. с англ. Дмитрий Кралечкин |
||
| 250 | _a2-е изд | ||
| 264 |
_aМосква : _b Ад Маргинем Пресс, _c2022. |
||
| 300 |
_a198 с.: _b18 см. |
||
| 653 | _aСтать экологичным | ||
| 653 | _aБиологические науки -- Общая экология -- Антропические факторы среды и приспособление к ним | экология общая | антропические факторы среды | адаптации | глобальная политика | глобальная экономика | этика постчеловеческая | субъектно-объектные отношения (мышление) | знания о мире, формирование | устойчивые будущности | экологические знания, проживание | экологическая информация | глобальное потепление | объектно-ориентированная онтология | экологичность | ||
| 653 | _aეკოლოგია | ||
| 700 |
_aКралечкин, Дмитрий _eმთარგმნელი _923831 |
||
| 942 |
_2udc _cBK |
||